<?xml version="1.0" encoding="UTF-8"?>
<collection xmlns="http://www.loc.gov/MARC21/slim">
<record>
  <controlfield tag="001">94525</controlfield>
  <controlfield tag="005">20230728141556.0</controlfield>
  <datafield tag="024" ind1="8" ind2=" ">
    <subfield code="2">sideral</subfield>
    <subfield code="a">118439</subfield>
  </datafield>
  <datafield tag="037" ind1=" " ind2=" ">
    <subfield code="a">ART-2020-118439</subfield>
  </datafield>
  <datafield tag="041" ind1=" " ind2=" ">
    <subfield code="a">spa</subfield>
  </datafield>
  <datafield tag="100" ind1=" " ind2=" ">
    <subfield code="a">López Cortés, Natalia</subfield>
    <subfield code="u">Universidad de Zaragoza</subfield>
    <subfield code="0">(orcid)0000-0001-9131-8660</subfield>
  </datafield>
  <datafield tag="245" ind1=" " ind2=" ">
    <subfield code="a">El lenguaje será ambiguo o no será: el porqué de la ambigüedad léxica y su estudio desde la evolución del lenguaje</subfield>
  </datafield>
  <datafield tag="260" ind1=" " ind2=" ">
    <subfield code="c">2020</subfield>
  </datafield>
  <datafield tag="506" ind1="0" ind2=" ">
    <subfield code="a">Access copy available to the general public</subfield>
    <subfield code="f">Unrestricted</subfield>
  </datafield>
  <datafield tag="520" ind1="3" ind2=" ">
    <subfield code="a">Aunque no hay acuerdo entre aquellos que piensan que es un elemento positivo y los que opinan que es un elemento negativo, no se puede negar que la ambigüedad léxica es un fenómeno común en el lenguaje. Por ello, un estudio que pretenda entender la ambigüedad en profundidad no puede estar completo sin responder a dos preguntas clave: por qué existe este  fenómeno  y  cómo  pudo  haber  surgido.  En  este  trabajo  se  ofrece,  por  un  lado,  una  aproximación  a  las  diferentes  teorías  que  consideran  la  ambigüedad  como  un  elemento  necesario para el correcto funcionamiento del sistema lingüístico; y, por otro, una propuesta preliminar para el estudio de la ambigüedad desde un punto de vista evolutivo, que plantea la idea de dos fases en su surgimiento, correspondientes a los dos tipos de polisemia.

Although there is no agreement between those who claim that it is a positive element and those who think that it is a negative one, it cannot be denied that lexical ambiguity is a common phenomenon in language. Therefore, a study which aims to fully understand ambiguity cannot be complete without answering two key questions: why this phenomenon exists and how it may have arisen. This paper shows, on the one hand, an approach to different theories that consider ambiguity as an essential element for the proper functioning of the linguistic system; and, on the other hand, a preliminary proposal to study ambiguity from an evolutionary point of view, which contemplate the idea of two phases in its emergence, related to both types of polysemy.</subfield>
  </datafield>
  <datafield tag="540" ind1=" " ind2=" ">
    <subfield code="9">info:eu-repo/semantics/openAccess</subfield>
    <subfield code="a">by</subfield>
    <subfield code="u">http://creativecommons.org/licenses/by/3.0/es/</subfield>
  </datafield>
  <datafield tag="655" ind1=" " ind2="4">
    <subfield code="a">info:eu-repo/semantics/article</subfield>
    <subfield code="v">info:eu-repo/semantics/publishedVersion</subfield>
  </datafield>
  <datafield tag="710" ind1="2" ind2=" ">
    <subfield code="1">3013</subfield>
    <subfield code="2">575</subfield>
    <subfield code="a">Universidad de Zaragoza</subfield>
    <subfield code="b">Dpto. Lingüíst.y Liter.Hispán.</subfield>
    <subfield code="c">Área Lingüística General</subfield>
  </datafield>
  <datafield tag="773" ind1=" " ind2=" ">
    <subfield code="g">6 (2020), 117-128</subfield>
    <subfield code="p">e-AESLA</subfield>
    <subfield code="t">e-AESLA</subfield>
    <subfield code="x">2444-197X</subfield>
  </datafield>
  <datafield tag="856" ind1="4" ind2=" ">
    <subfield code="s">161756</subfield>
    <subfield code="u">http://zaguan.unizar.es/record/94525/files/texto_completo.pdf</subfield>
    <subfield code="y">Versión publicada</subfield>
  </datafield>
  <datafield tag="856" ind1="4" ind2=" ">
    <subfield code="s">13981</subfield>
    <subfield code="u">http://zaguan.unizar.es/record/94525/files/texto_completo.jpg?subformat=icon</subfield>
    <subfield code="x">icon</subfield>
    <subfield code="y">Versión publicada</subfield>
  </datafield>
  <datafield tag="856" ind1="4" ind2="1">
    <subfield code="u">https://cvc.cervantes.es/lengua/eaesla/pdf/06/09.pdf</subfield>
    <subfield code="z">Texto completo de la revista</subfield>
  </datafield>
  <datafield tag="909" ind1="C" ind2="O">
    <subfield code="o">oai:zaguan.unizar.es:94525</subfield>
    <subfield code="p">articulos</subfield>
    <subfield code="p">driver</subfield>
  </datafield>
  <datafield tag="951" ind1=" " ind2=" ">
    <subfield code="a">2023-07-28-11:57:12</subfield>
  </datafield>
  <datafield tag="980" ind1=" " ind2=" ">
    <subfield code="a">ARTICLE</subfield>
  </datafield>
</record>
</collection>